Top 25 bevölkerungsreichste Inseln der Welt - Statistiken

Allgemein
  • Dieses Quiz wurde 653 mal gespielt
  • Das Durchschnittsergebnis liegt bei 11 aus 25
Antwortstatistiken
Bevölkerung Insel % Korrekt
28,479,665 Madagaskar
83%
66,397,821 Großbritannien
76%
6,894,291 Irland
74%
11,318,747 Kuba
74%
21,919,000 Sri Lanka
73%
147,795,436 Java
70%
23,865,820 Taiwan
66%
23,720,000 Borneo
61%
104,000,000 Honshū
57%
58,880,000 Sumatra
57%
5,383,579 Hokkaidō
55%
5,017,000 Sizilien
47%
14,800,000 Neuguinea
46%
22,278,000 Hispaniola
43%
64,260,312 Luzon
34%
4,317,404 Bali
33%
5,882,440 Pulau Ujong
31%
20,160,000 Sulawesi
31%
13,200,000 Kyūshū
23%
27,021,036 Mindanao
22%
10,081,232 Hainan
18%
7,838,822 Long Island
10%
4,656,945 Negros
3%
4,542,926 Panay
2%
15,111,974 Salsette
2%
Keine übereinstimmenden Quizze gefunden
Verteilung der Resultate
Anzahl Personen mit jedem Resultat
Perzentil nach korrekt beantworteten Fragen
Ihre Resultats-Entwicklung
Sie haben dieses Quiz noch nicht gespielt